Normal view
MARC view
- Imtiaz, Sara
Entry Personal Name
001 - CONTROL NUMBER
- control field: 35336
003 - CONTROL NUMBER IDENTIFIER
- control field: NUST
005 - DATE AND TIME OF LATEST TRANSACTION
- control field: 20201117113307.0
008 - FIXED-LENGTH DATA ELEMENTS
- fixed length control field: 201117|| aca||aabn | a|a d
040 ## - CATALOGING SOURCE
- Original cataloging agency: NUST
- Transcribing agency: NUST
100 ## - HEADING--PERSONAL NAME
- Personal name: Imtiaz, Sara
670 ## - SOURCE DATA FOUND
- Source citation: Work cat.: (NUST): Imtiaz, Sara, Proposing a user centered design pattern for open source software (OSS)/, 2013.
